000 00332 a2200109 4500
001 ART_39585
005 20260410162012.0
008 260409a
245 1 0 _aSimon (1955)
100 1 _aWeisman, Diego
773 0 _tDocumentos del CIECE
_gEnsayos sobre racionalidad en economía - Nº 4 (ene./jun. 2008)
_wREV39541
999 _c32285
_d32285